[Event "22nd OIBM 2018"]
[Site "Gmund am Tegernsee"]
[Date "2018.10.29"]
[Round "3"]
[White "Gopal G.N."]
[Black "Forchert, Martin"]
[Result "1-0"]
[WhiteElo "2578"]
[BlackElo "2363"]
[Annotator "TA"]
[PlyCount "48"]
[EventDate "2018.10.27"]
[EventType "swiss"]
[EventCountry "GER"]
[SourceTitle "playchess.com"]
[Source "ChessBase"]
[SourceQuality "1"]

{[%evp 21,48,14,28,0,0,0,-3,-4,21,22,30,10,19,6,14,23,27,8,35,21,9,0,147,153,259,267,262,263,303]} 1. e4 Nf6 2. e5 Nd5 3. d4 d6 4. Nf3 dxe5 5. Nxe5 c6 6. Be2 Nd7 7. Nf3 g6 8. c4 Nc7 9. Nc3 Bg7 10. O-O O-O {B04: Alekhine's Defence: 4 Nf3} 11. Be3 (11. Bf4 Nf6 12. h3 Bf5 13. Be5 Ne4 14. Bxg7 Kxg7 15. Re1 Nf6 16. Qd2 Qd6 17. Rad1 Rad8 18. Qe3 {1-0 (33) Eljanov,P (2734)-Kasimdzhanov,R (2676) Douglas 2017}) 11... e5 {LiveBook: 10 Games} 12. Bg5 f6 $146 {The position is equal.} ({Predecessor:} 12... Bf6 13. Bh6 Re8 14. Ne4 exd4 15. Nxf6+ Qxf6 {1-0 (27) Solodovnichenko,Y (2622)-Vezzosi,P (2351) Biella 2011}) 13. Be3 exd4 14. Nxd4 Ne5 15. f4 Nf7 16. Qb3 Qe7 17. Bf2 $36 {[%mdl 2048] White has some pressure.} Ne6 18. Nxe6 Bxe6 19. Rfe1 Rfe8 20. Bf3 Qc7 21. g3 b6 {[#]} (21... g5 $11) 22. Nb5 $1 $16 {[%cal Rb5c7][%mdl 512]} cxb5 (22... Qc8 $16 {is a better defense.}) 23. Bxa8 $18 bxc4 24. Qf3 Qd8 {Precision: White = 42%, Black = 61%.} 1-0

[Event "22nd OIBM 2018"]
[Site "Gmund am Tegernsee"]
[Date "2018.10.29"]
[Round "3"]
[White "Santos Latasa, Jaime"]
[Black "Bernabeu Lopez, Carlos Javier"]
[Result "1-0"]
[WhiteElo "2572"]
[BlackElo "2353"]
[Annotator "TA"]
[PlyCount "127"]
[EventDate "2018.10.27"]
[EventType "swiss"]
[EventCountry "GER"]
[SourceTitle "playchess.com"]
[Source "ChessBase"]
[SourceQuality "1"]

{[%evp 22,127,12,1,27,17,3,0,4,4,12,0,20,20,39,17,18,18,18,18,18,20,47,0,37,5,13,0,0,0,0,0,0,0,21,21,39,39,47,37,58,54,76,71,96,96,100,100,104,88,80,93,93,52,104,83,104,104,122,53,67,53,53,53,127,133,126,141,145,133,133,0,133,116,133,133,186,187,196,133,133,131,131,93,93,93,289,332,445,441,420,398,2322,2230,29967,29968,29965,29968,29969,29970,29967,29971,29970,29971,29980,29981,29981,29982]} 1. d4 Nf6 2. c4 e6 3. Nc3 d5 4. Nf3 Be7 5. Bg5 O-O 6. e3 h6 7. Bh4 b6 8. cxd5 Nxd5 9. Bxe7 Qxe7 10. Nxd5 exd5 11. Rc1 Bb7 12. Qa4 {LiveBook: 12 Games} c6 {D59: Queen's Gambit Declined: Tartakower Defence: Main line (8 cxd5 Nxd5)} (12... Rc8 13. Bd3 c5 14. Qa3 a5 15. O-O Na6 16. Bxa6 Bxa6 17. Rfe1 {½-½ (17) Vertetics,A (2436)-Groszpeter,A (2438) Ajka 2018}) 13. Be2 $146 ({Predecessor:} 13. Bd3 c5 14. Qa3 Nd7 {1-0 (34) Dusik,T (2158)-Murinova,J (1876) Slovakia 2011}) 13... a5 14. a3 Nd7 {[%cal Bb8d7,Bd7b6,Bb6c4][%mdl 32] The position is equal.} 15. O-O Rfc8 16. Rc2 b5 17. Qb3 Nb6 18. Ne5 {[%cal Bf3e5,Be5d3,Bd3c5][%mdl 32]} a4 19. Qc3 Nc4 20. Nd3 Re8 21. Nc5 Bc8 22. Bd3 Qg5 23. e4 dxe4 24. Nxe4 Qd5 25. Bxc4 bxc4 26. Nc5 Bf5 27. Rd2 Be4 28. f3 Bd3 29. Nxd3 cxd3 30. Qxd3 c5 31. Qb5 $36 {[%mdl 2048] White fights for an advantage.} Red8 32. Rfd1 cxd4 33. Qxd5 Rxd5 34. Rxd4 $16 {[%mdl 4096] Endgame KRR-KRR} Rb5 35. Rd8+ Rxd8 36. Rxd8+ {KR-KR} Kh7 37. Rd2 Kg6 (37... g5 $14) 38. Kf2 Kg5 39. Kg3 f5 40. h4+ (40. Rd4 $16) 40... Kh5 $1 $14 41. Rd4 Rxb2 42. Rxa4 Ra2 ({Black should play} 42... Rb1 $14) 43. Ra5 $16 Kg6 44. a4 Rb2 45. Rb5 Ra2 46. Ra5 Rb2 $1 47. Ra7 Ra2 48. Kh3 Ra3 (48... f4 $16 49. a5 Kh5) 49. a5 $1 $18 {[%cal Ba4a5,Ba5a6,Ba6a7][%mdl 32]} Ra4 {[#]} 50. h5+ (50. a6 $1 $18) 50... Kxh5 $16 51. Rxg7 {Hoping for a6!} Rh4+ 52. Kg3 Ra4 {[#]} 53. Ra7 $1 Kg5 $2 (53... f4+ $16 54. Kh3 Ra1) 54. a6 $18 f4+ 55. Kh3 Ra1 {[%cal Ra1h1]} 56. g3 {[%cal Bg2g3,Bg3f4,Bf4f5,Bf5f6][%mdl 32]} Ra3 $2 (56... Rh1+ 57. Kg2 Ra1) 57. Ra8 Kg6 58. a7 {White mates.} Kg7 59. gxf4 Rxf3+ 60. Kg4 Ra3 61. f5 Ra4+ 62. Kf3 Kh7 63. f6 Ra6 64. Ke4 {Precision: White = 69%, Black = 35%.} 1-0

[Event "22nd OIBM 2018"]
[Site "Gmund am Tegernsee"]
[Date "2018.10.29"]
[Round "3"]
[White "Martinovic, Sasa"]
[Black "Zuse, Peter"]
[Result "1-0"]
[WhiteElo "2555"]
[BlackElo "2234"]
[Annotator "TA"]
[PlyCount "81"]
[EventDate "2018.10.27"]
[EventType "swiss"]
[EventCountry "GER"]
[SourceTitle "playchess.com"]
[Source "ChessBase"]
[SourceQuality "1"]

{[%evp 13,81,18,21,12,19,15,19,8,35,22,31,25,25,16,73,56,70,65,85,50,148,130,140,140,136,139,147,137,359,280,364,255,408,393,381,202,278,236,245,262,256,261,250,288,434,378,502,493,468,399,514,493,464,316,316,300,377,359,357,348,1383,1372,1326,1294,1230,1226,29990,29991,29991,29992]} 1. d4 Nf6 2. Bg5 c5 3. Bxf6 gxf6 4. d5 Qb6 5. Qc1 f5 6. c4 d6 {A45: Trompowsky Attack} (6... Bg7 7. Nc3 d6 8. e3 Nd7 9. Qc2 Ne5 10. Nh3 Bd7 11. Be2 Ng6 12. O-O O-O 13. Kh1 Qd8 14. Rad1 a6 {½-½ (61) Vitiugov,N (2734)-Hou,Y (2658) Belokurikha 2018}) 7. Nc3 Nd7 {LiveBook: 10 Games} 8. Qc2 Ne5 {The position is equal.} 9. e3 Bd7 10. Nh3 h5 $146 ({Predecessor:} 10... O-O-O 11. Be2 Bh6 12. O-O Rdg8 13. Rab1 {½-½ (47) Cruzado Duenas,C (2579)-Soltau,A (2574) ICCF email 2010}) 11. Be2 h4 12. O-O Bh6 13. Rab1 a5 (13... Rg8 $11) 14. b3 Rg8 15. a3 Ng6 16. f4 e5 {[#]} (16... O-O-O $14) 17. dxe6 $1 $16 fxe6 18. e4 {[%cal Be3e4,Be4e5][%mdl 32] Threatens to win with exf5.} Ne7 19. Bh5+ Kd8 20. Rbd1 $36 {[%mdl 2048] White has strong initiative.} Rf8 $2 (20... Kc8 $16) 21. e5 $18 Nc8 22. Rd3 Ra6 (22... Kc7 $142 23. Ng5 Kb8 24. exd6 Bg7) 23. Rfd1 Kc7 24. Ng5 (24. Rxd6 $142 Nxd6 25. Rxd6) 24... Bxg5 25. fxg5 Kb8 26. exd6 Qd8 27. Qd2 e5 28. Rd5 {[%cal Bd3d5,Bd5e5,Be5e7][%mdl 32]} e4 (28... Rg8 $142 29. g6 (29. Rxe5 Rxg5 30. Bf3 Rxd6 $18) 29... Rh8) 29. Qf4 Ka8 30. Nb5 Rc6 31. Bg6 Nb6 {[%cal Bc8b6,Bb6c4,Bc4b2][%mdl 32]} 32. Re5 a4 33. bxa4 Nxc4 34. Re7 Nb2 35. Rd5 Nd3 36. Qd2 (36. Qxh4 c4 $11) 36... c4 $2 (36... Qb6) 37. Nc7+ Kb8 38. Qa5 {[%csl Gc7][%cal Ra5a8]} Rxd6 39. Rxd6 Qxe7 40. Na6+ $1 Ka8 {[#]} 41. Rxd7 $1 {[%mdl 512] Precision: White = 76%, Black = 34%.} 1-0

[Event "22nd OIBM 2018"]
[Site "Gmund am Tegernsee"]
[Date "2018.10.29"]
[Round "3"]
[White "Kulaots, Kaido"]
[Black "Dobrikov, Marco"]
[Result "1-0"]
[WhiteElo "2546"]
[BlackElo "2231"]
[Annotator "TA"]
[PlyCount "101"]
[EventDate "2018.10.27"]
[EventType "swiss"]
[EventCountry "GER"]
[SourceTitle "playchess.com"]
[Source "ChessBase"]
[SourceQuality "1"]

{[%evp 12,101,89,60,122,107,122,98,147,141,157,162,150,128,133,89,96,33,35,35,41,31,58,27,85,81,66,74,93,93,99,92,92,84,92,92,110,110,110,110,172,172,178,178,178,172,172,172,179,178,178,178,178,178,178,178,215,178,215,178,215,178,189,189,306,277,682,656,636,634,675,635,932,912,1142,1108,908,961,1766,1754,29981,29982,29982,29982,29983,29984,29984,29985,29985,29984,29984,29984]} 1. Nf3 Nf6 2. c4 g6 3. Nc3 d5 4. cxd5 Nxd5 5. Qb3 Nxc3 (5... Nb6 6. d4 Bg7 7. Bf4 Be6 8. Qa3 O-O 9. e3 N8d7 10. Rd1 c6 11. Ng5 Bf5 12. e4 Bg4 13. Be2 Bxe2 14. Nxe2 Qe8 {1-0 (32) Duda,J (2739)-Ivanchuk,V (2710) Batumi 2018}) 6. Qxc3 {A16: Englische Eröffnung} f6 7. d4 {LiveBook: 6 Partien} e6 $146 (7... Bf5 $14) ({Vorgänger:} 7... Nc6 8. e4 e6 9. Bb5 Bd7 10. O-O a6 11. Bxc6 Bxc6 12. Re1 a5 13. a3 {1-0 (26) Nyback,T (2594)-Kantans,T (2467) Sastamala 2014}) 8. e4 $16 {[%cal Be2e4,Be4e5][%mdl 32] Weiß steht besser.} Qe7 9. Bf4 c6 10. O-O-O Bg7 11. h4 Nd7 {[%cal Bb8d7,Bd7b6,Bb6d5][%mdl 32]} 12. e5 Nb6 13. Qc5 f5 14. h5 ({Besser ist} 14. Qxe7+ $16 Kxe7 15. h5) 14... Qxc5+ $14 15. dxc5 Nd5 16. Bd2 Bd7 17. Kb1 O-O-O (17... gxh5 $11 18. Rxh5 O-O-O) 18. h6 $36 {[%mdl 2048] Läuft bei Weiss.} Bf8 19. Rc1 Be7 {[#]} 20. Bg5 $1 Rde8 21. Bxe7 Rxe7 22. Ng5 Kc7 23. Rh3 Ra8 24. Ra3 Kb8 25. g3 b5 (25... Kc7 $16) 26. Ra5 $18 a6 27. Bg2 Kb7 28. Kc2 Rd8 29. Rd1 Bc8 30. a3 {[%cal Ba2a3,Ba3a4][%mdl 32]} Kc7 31. b4 Kb7 32. Kb3 Kc7 33. a4 Bb7 34. Rd3 Kc8 35. f4 Kc7 36. Bf3 Kc8 37. axb5 cxb5 (37... axb5 $142 38. Bxd5 exd5) 38. Ra1 Rde8 $2 (38... Kc7 39. Rad1 Kd7) 39. Rad1 Bc6 40. R1d2 ({Schwächer ist} 40. Bxd5 Bxd5+ 41. Kc2 Kb7 $16) 40... Kb8 {[#]} 41. Nxe6 $1 {[%mdl 512]} Nxb4 (41... Rxe6 42. Bxd5) 42. Kxb4 {Droht stark Td8+.} Rxe6 43. Bxc6 Rxc6 44. Rd8+ Rxd8 45. Rxd8+ {[%mdl 4096] Endspiel KT-KT} Kb7 46. Rd7+ {Weiß setzt Matt.} Rc7 47. e6 Rxd7 48. exd7 Kc7 49. c6 $1 Kd8 50. Kc5 Kc7 {[#]} 51. Kd5 $1 {Precision: Weiß = 82%, Schwarz = 28%.} 1-0

[Event "22nd OIBM 2018"]
[Site "Gmund am Tegernsee"]
[Date "2018.10.29"]
[Round "3"]
[White "Chanda, Sandipan"]
[Black "Weber, Ulrich"]
[Result "1-0"]
[WhiteElo "2535"]
[BlackElo "2347"]
[Annotator "TA"]
[PlyCount "83"]
[EventDate "2018.10.27"]
[EventType "swiss"]
[EventCountry "GER"]
[SourceTitle "playchess.com"]
[Source "ChessBase"]
[SourceQuality "1"]

{[%evp 23,83,25,25,22,24,18,27,35,25,33,52,60,66,56,72,66,52,59,45,50,113,109,89,89,79,61,131,104,98,123,212,227,219,217,396,362,378,362,391,149,136,132,138,116,125,124,143,133,139,126,133,123,759,820,660,653,29974,29975,29975,29976,29974,29976]} 1. d4 {Krasenkow,M} Nf6 2. c4 g6 3. Nc3 Bg7 4. e4 d6 5. Be2 O-O 6. Bg5 Na6 7. Nf3 h6 8. Be3 {E91: King's Indian: Classical: 6 Be2, unusual replies including 6...c5 and 6...Bg4} e5 9. O-O Ng4 10. Bc1 exd4 11. Nxd4 Qf6 12. Nb3 Qh4 $1 {[%csl Gg4][%cal Rh4h2] LiveBook: 3 Games} 13. Bf4 {Bg3 is the strong threat.} Be5 14. Bxe5 dxe5 {[%csl Gg4][%cal Rh4h2]} 15. h3 Nf6 {[#]} 16. Nd2 $146 Nd7 17. Nf3 Qe7 18. Qd2 Kg7 19. Nd5 Qd6 20. b4 {[%cal Bb2b4,Bb4b5][%mdl 32] Black must now prevent c5.} c5 {[%cal Ra6b4]} 21. a3 Nf6 ({Black should play} 21... Nc7 $14) 22. Qb2 $16 Re8 23. Rfd1 b6 24. b5 Nb8 (24... Nc7 $14) 25. Nxe5 Rxe5 26. f4 Rxd5 (26... Rxe4 $16 27. Bf3 Rxc4) 27. e5 $1 $18 {[%cal Re5d6,Be4e5,Be5f6][%mdl 32]} ({And not} 27. exd5 Qxf4 28. a4 Bf5 $17) ({Not} 27. Rxd5 Qe7 $16) 27... Rxd1+ 28. Rxd1 Qc7 $2 (28... Qe7 29. exf6+ Qxf6 30. Qxf6+ Kxf6) 29. exf6+ Kh7 30. Bf3 Bb7 {Threatens to win with ...Bxf3.} 31. Bxb7 $2 (31. Qe2 $1 $18 {[%cal Re2e7] and the rest is easy. Hoping for Qe7.} Nc6 32. bxc6 Bxc6 33. Qe7 Qxe7 34. fxe7) 31... Qxb7 $16 32. Qe5 {aiming for Rd8.} Nc6 33. bxc6 Qxc6 {[%mdl 4096] Endgame KQR-KQR} 34. f5 Re8 35. fxg6+ fxg6 {[#]} 36. Qf4 $1 Rf8 {[#]} 37. Rd6 $1 $40 {[%cal Rd6c6][%mdl 128] White has strong attack.} Qc7 $2 {[%mdl 8192]} (37... Qe8 $16) 38. Qd2 $18 Rf7 39. Qd5 Qb7 {next ...Qxd5 is good for Black.} 40. Qe6 {White mates.} Qc7 {[#]} 41. Rd8 $1 {[%mdl 512]} h5 (41... Qxd8 42. Qxf7+) 42. h4 {Precision: White = 77%, Black = 54%.} 1-0

[Event "22nd OIBM 2018"]
[Site "Gmund am Tegernsee"]
[Date "2018.10.29"]
[Round "3"]
[White "Zanan, Evgeny"]
[Black "Koepke, Christian"]
[Result "1-0"]
[WhiteElo "2514"]
[BlackElo "2331"]
[Annotator "TA"]
[PlyCount "69"]
[EventDate "2018.10.27"]
[EventType "swiss"]
[EventCountry "GER"]
[SourceTitle "playchess.com"]
[Source "ChessBase"]
[SourceQuality "1"]

{[%evp 15,69,10,24,-9,12,10,17,9,20,16,17,21,40,41,58,33,54,60,48,28,44,50,68,60,61,53,45,50,50,51,55,56,57,51,42,37,95,106,96,106,159,135,116,122,196,158,423,441,441,61,435,447,566,547,29989,29989]} 1. d4 d5 2. c4 c6 3. Nf3 Nf6 4. g3 Bg4 5. Ne5 Bf5 6. cxd5 {D11: Slav Defence: 3 Nf3 sidelines and 3...Nf6 4 e3 Bg4} cxd5 7. Nc3 Nc6 8. f3 Rc8 {LiveBook: 12 Games} 9. Be3 $146 ({Predecessor:} 9. Bg2 Qb6 10. g4 Bd7 11. e3 e6 12. f4 Bb4 {0-1 (40) Rodshtein,M (2689)-Rublevsky,S (2692) Sochi 2016}) 9... Bd7 10. Bg2 e6 11. O-O Bb4 12. Rc1 O-O 13. Bf2 Be8 14. Nd3 Ba5 15. e4 Bb6 16. e5 Nd7 17. Nb5 Rb8 18. Nf4 Na5 19. Qe2 a6 20. Nd6 $36 {[%mdl 2048] White has the initiative.} Bc7 21. Nxe8 Rxe8 22. Nd3 Nc6 23. Be3 Bb6 24. Qf2 Qe7 25. f4 {[%cal Bf3f4,Bf4f5][%mdl 32]} Nb4 (25... f6 $14) 26. Nxb4 $16 Qxb4 27. f5 {Threatens to win with fxe6.} Rbd8 ({Black should play} 27... Qe7) 28. a3 Qb5 29. Kh1 exf5 (29... Kh8 $16) 30. Qxf5 Nxe5 $2 {[#]} (30... f6 $16 {might work better.}) 31. dxe5 $18 {[%cal Bd4e5,Be5e6,Be6e7][%mdl 32]} Bxe3 32. Qxf7+ Kh8 33. Rc7 $1 {[%csl Gc7,LRb7,LRg7][%cal Rf7g7]} Bh6 34. e6 Qb6 {[#]} 35. e7 $1 {[%mdl 512] Precision: White = 74%, Black = 41%.} 1-0

[Event "22nd OIBM 2018"]
[Site "Gmund am Tegernsee"]
[Date "2018.10.29"]
[Round "3"]
[White "Repka, Christopher"]
[Black "Welling, Gerard"]
[Result "1-0"]
[WhiteElo "2494"]
[BlackElo "2297"]
[Annotator "TA"]
[PlyCount "62"]
[EventDate "2018.10.27"]
[EventType "swiss"]
[EventCountry "GER"]
[SourceTitle "playchess.com"]
[Source "ChessBase"]
[SourceQuality "1"]

{[%evp 18,62,0,-21,7,12,29,-19,-20,-22,-17,-20,0,1,2,-14,-4,-16,27,6,24,0,0,0,0,0,5,-2,26,-9,-13,-39,0,0,0,0,15,8,0,0,9,15,48,-76,0,-84,0]} 1. e4 c6 2. d4 d5 3. Nc3 dxe4 4. Nxe4 Nf6 5. Nxf6+ exf6 6. Nf3 Bd6 7. Bd3 O-O 8. O-O Bg4 9. h3 Bh5 {B15: Caro-Kann: 3 Nc3: 3...g6 and 3...dxe4 4 Nxe4 Nf6 5 Nxf6+ exf6} 10. Be4 {LiveBook: 4 Games} Nd7 (10... Re8 11. Qd3 Bg6 12. Bxg6 hxg6 13. Bd2 Nd7 {½-½ (13) Ghaem Maghami,E (2574)-Berkes,F (2648) Rasht 2017}) 11. Qd3 Bg6 {The position is equal.} 12. Nh4 $146 {[%cal Rh4g6]} ({Predecessor:} 12. Bxg6 hxg6 13. Be3 f5 14. Rfe1 Re8 15. Rad1 Qc7 16. Bg5 Qb6 17. b3 {1-0 (62) Boruchovsky,A (2434)-Mammadov,Z (2393) Kirishi 2012}) 12... Bxe4 13. Qxe4 g6 14. Qg4 Kh8 {White should prevent ...f5.} 15. Bh6 Rg8 {[#] Threatens to win with ...f5.} 16. g3 f5 17. Qf3 Qf6 18. Bd2 Rge8 19. Rfe1 Kg8 20. c3 a5 21. Ng2 Nb6 22. Ne3 Qe6 23. Qd1 {[#] Strongly threatening Ng4.} Qd7 24. c4 {Black must now prevent c5.} Bb4 25. Bc3 h5 26. Qb3 f4 27. gxf4 Qxh3 28. Bxb4 axb4 29. Qxb4 Nd7 30. Qb3 (30. Qxb7 $14 {stays ahead.} Rac8 31. Ng2) 30... Re4 (30... Nf6 $17) 31. Rad1 (31. Qxb7 $11 Rb8 32. Qxc6 Rxf4 33. b3) 31... Rae8 {[%mdl 32768] Precision: White = 28%, Black = 43%. . Loss on Time!?} ({Better is} 31... Rxf4 $17 32. Ng2 Qg4) 1-0

[Event "22nd OIBM 2018"]
[Site "Gmund am Tegernsee"]
[Date "2018.10.29"]
[Round "3"]
[White "Sanal, Vahap"]
[Black "Groetzbach, Julian"]
[Result "1-0"]
[WhiteElo "2487"]
[BlackElo "2247"]
[Annotator "TA"]
[PlyCount "63"]
[EventDate "2018.10.27"]
[EventType "swiss"]
[EventCountry "GER"]
[SourceTitle "playchess.com"]
[Source "ChessBase"]
[SourceQuality "1"]

{[%evp 20,63,42,42,52,52,50,0,141,143,125,125,136,95,95,83,107,108,120,107,113,102,105,93,115,104,119,118,118,129,130,129,166,160,188,157,241,0,176,183,185,192,995,989,1102,1099]} 1. e4 c5 2. Nf3 e6 3. d4 cxd4 4. Nxd4 Nc6 5. Nc3 Qc7 6. Be3 a6 7. Bd3 Nf6 8. O-O h5 9. h3 b5 10. Nxc6 {B48: Sicilian: Taimanov: 5 Nc3 Qc7 6 Be3 a6 without Be2} Qxc6 11. Be2 {LiveBook: 11 Games} (11. a3 Bb7 12. Re1 Rc8 13. Qd2 Be7 14. f3 h4 15. e5 Nh5 16. Be4 Qc7 17. Bxb7 Qxb7 {½-½ (47) Perunovic,M (2616)-Zhigalko,S (2669) Calimanesti Caciulata 2016}) 11... Bd6 $146 ({Predecessor:} 11... b4 12. e5 bxc3 13. exf6 cxb2 14. Rb1 Rb8 15. Bf3 Qc7 16. Qd4 gxf6 17. Qxf6 Rg8 18. Bxh5 {1-0 (49) Bon,M (2353)-Horvath,A (2531) Rabat 2014}) 12. Qd4 {[#] Hoping for e5.White is slightly better.} Bb7 13. Rad1 (13. Rfd1 $5 {[%cal Rd4d6]} Bb8 14. a4 $14) 13... b4 (13... Bb8 $1 $11 {remains equal.}) 14. Qxd6 $16 bxc3 15. f3 cxb2 16. Bc5 {[%csl Gc5][%cal Rd6e7] [#]} Qxd6 17. Bxd6 Kd8 18. Rb1 Ne8 19. Bg3 Bc6 20. Rxb2 h4 21. Bf2 Kc8 22. Rfb1 Rh5 23. Rb6 Ra5 24. R1b2 g5 25. c4 Nd6 26. Bd4 Ne8 27. Bc3 Rc5 (27... Ra4 $16 {keeps fighting.} 28. Bd4 f6) 28. Bd4 Ra5 29. e5 $36 {[%mdl 2048] White has strong initiative.} Ng7 30. Bc3 Rc5 $2 (30... Ra4 31. Bb4 Nf5) 31. Bb4 $18 Rxe5 32. Bd6 {Precision: White = 70%, Black = 33%.} 1-0

[Event "22nd OIBM 2018"]
[Site "Gmund am Tegernsee"]
[Date "2018.10.29"]
[Round "3"]
[White "Baldauf, Marco"]
[Black "Meertens, Martin"]
[Result "1-0"]
[WhiteElo "2472"]
[BlackElo "2156"]
[Annotator "TA"]
[PlyCount "77"]
[EventDate "2018.10.27"]
[EventType "swiss"]
[EventCountry "GER"]
[SourceTitle "playchess.com"]
[Source "ChessBase"]
[SourceQuality "1"]

{[%evp 13,77,13,49,35,33,30,34,30,35,29,115,114,118,37,37,37,64,64,67,42,40,35,42,30,51,52,56,67,70,19,29,11,105,77,79,77,87,77,127,121,126,127,127,127,123,132,131,127,120,123,169,166,232,227,278,261,337,332,337,330,337,243,354,342,408,406]} 1. c4 Nf6 2. Nc3 e6 3. Nf3 d5 4. d4 Be7 5. Bf4 O-O 6. e3 b6 7. Rc1 c6 {LiveBook: 7 Games. D37: Queen's Gambit Declined: 5 Bf4} (7... Ba6 8. Qa4 Bxc4 9. Bxc4 dxc4 10. Qxc4 c5 11. dxc5 Bxc5 12. O-O Nbd7 13. Rfd1 Qc8 14. Nb5 Qb7 15. Ne5 {1-0 (39) Mamedyarov,S (2753)-Carlsen,M (2864) Moscow 2013}) 8. Qc2 Nbd7 9. cxd5 exd5 {White has an edge.} 10. Bd3 Re8 11. O-O $146 ({Predecessor:} 11. h4 Nf8 12. Ne5 Bb7 13. g4 Bd6 14. f3 c5 15. h5 cxd4 16. exd4 {0-1 (29) Ziroyan,A-Shmavonyan,A (2058) Yerevan 2016}) 11... Nf8 (11... Bb7 $11 {keeps the balance.}) 12. Ne5 $16 Bb7 13. Qa4 (13. Ne2 $16) 13... b5 $1 $14 {[%cal Rb5a4]} 14. Qd1 Ne6 15. Bg3 a6 16. Ne2 c5 17. dxc5 Nxc5 18. Nd4 Nxd3 19. Nxd3 Rc8 20. Qf3 Qb6 21. Be5 (21. Bh4 $14) 21... Ne4 $11 22. Qg4 {[%csl Ge5][%cal Rg4g7]} Bf6 (22... Bf8 $11) 23. Bxf6 Nxf6 24. Qf4 $40 {[%mdl 128] White attacks with force.} h6 25. h3 b4 {[#]} 26. Rxc8 $1 Rxc8 27. Nf5 {Strongly threatening Ne7+.} Kf8 28. Qxb4+ Qxb4 29. Nxb4 a5 30. Nd3 Ba6 {[#]} 31. Rc1 $1 Rb8 32. Nc5 Be2 (32... Bc8 $142) 33. b3 $18 Ra8 34. Nd4 Bh5 35. f3 Bg6 36. Kf2 Ke7 37. Ke2 Ne8 (37... Rc8 $142 38. Kd2 Rc7) 38. Na4 f6 39. Nb6 {Precision: White = 62%, Black = 37%.} 1-0

[Event "22nd OIBM 2018"]
[Site "Gmund am Tegernsee"]
[Date "2018.10.29"]
[Round "3"]
[White "Perske, Thore"]
[Black "Nisipeanu, Liviu-Dieter"]
[Result "1/2-1/2"]
[WhiteElo "2454"]
[BlackElo "2667"]
[Annotator "TA"]
[PlyCount "51"]
[EventDate "2018.10.27"]
[EventType "swiss"]
[EventCountry "GER"]
[SourceTitle "playchess.com"]
[Source "ChessBase"]
[SourceQuality "1"]

{[%evp 9,51,41,55,17,36,14,43,44,60,46,52,60,54,39,58,60,58,47,66,35,54,39,54,28,42,38,28,34,37,0,0,0,0,0,0,0,0,0,0,0,0,0,0,0]} 1. e4 d5 2. exd5 Qxd5 3. Nc3 Qd6 4. d4 Nf6 5. Nf3 g6 (5... c6 6. Ne5 Nbd7 7. f4 Nb6 8. g4 g6 9. Bg2 Bg7 10. O-O O-O 11. f5 Rd8 12. Ne2 Nfd7 13. Nxf7 Kxf7 14. Bf4 {1-0 (43) Safarli,E (2657)-Hera,I (2620) Brest 2018}) 6. g3 {B01: Scandinavian Defence} Bg7 7. Bg2 O-O 8. O-O {White is slightly better.} c6 9. Re1 Bg4 10. Bf4 Qd8 11. Qd2 Bxf3 12. Bxf3 e6 13. Rad1 (13. Bg5 {keeps more tension.} Re8 14. a4 Na6 15. h4 Qb6 16. a5) 13... Nbd7 $146 14. Ne4 Nxe4 15. Bxe4 Re8 16. h4 Qb6 17. c3 e5 18. dxe5 Nxe5 19. Bxe5 Bxe5 {The position is equal.} 20. Kg2 Rad8 21. Qc2 Bf6 22. Bf3 Rxe1 23. Rxe1 h5 24. Rd1 Rxd1 25. Bxd1 Kg7 26. Bf3 {Precision: White = 27%, Black = 68%.} 1/2-1/2

[Event "22nd OIBM 2018"]
[Site "Gmund am Tegernsee"]
[Date "2018.10.29"]
[Round "3"]
[White "Hoffmann, Michael"]
[Black "Kovalenko, Igor"]
[Result "1/2-1/2"]
[WhiteElo "2441"]
[BlackElo "2646"]
[Annotator "TA"]
[PlyCount "89"]
[EventDate "2018.10.27"]
[EventType "swiss"]
[EventCountry "GER"]
[SourceTitle "playchess.com"]
[Source "ChessBase"]
[SourceQuality "1"]

{[%evp 18,89,55,57,54,38,72,47,76,44,49,45,49,44,45,37,46,42,41,41,49,0,6,8,8,8,5,0,16,10,11,11,24,50,49,-8,-8,-13,-3,-6,-1,-1,0,0,6,0,0,0,0,0,0,0,0,0,0,0,0,0,12,12,12,12,12,12,12,12,12,12,12,8,8,8,8,8]} 1. d4 {Gormally,D} Nf6 2. c4 g6 3. Nc3 Bg7 4. e4 d6 5. Nf3 O-O 6. Be2 Nbd7 {[%cal Bb8d7,Bd7e5,Be5g4][%mdl 32]} 7. O-O e5 8. Re1 h6 9. Rb1 Nh7 {E95: King's Indian: Classical: 7...Nbd7 8 Re1} 10. dxe5 {LiveBook: 8 Games} Nxe5 $146 ({Predecessor:} 10... dxe5 11. b4 Ng5 12. Nxg5 hxg5 13. c5 c6 14. Be3 f5 15. exf5 gxf5 16. Bc4+ Kh7 17. Qh5+ {½-½ (48) Svidler,P (2747)-Jobava,B (2702) Loo 2013 CBM 154 [Gormally,D]}) 11. Be3 Be6 {White is slightly better.} 12. Qd2 Ng4 13. Bd4 Nhf6 14. Rbd1 c5 15. Bxf6 Bxf6 16. Qxd6 Qxd6 17. Rxd6 Bxc3 18. bxc3 Nf6 19. e5 Ne4 20. Rd3 Rad8 21. Rc1 b6 22. h3 Kg7 23. a4 Rfe8 24. a5 bxa5 25. Re3 Nd2 26. Nxd2 (26. Ra1 $14) 26... Rxd2 $11 {The position is equal.} 27. Ra1 Rb8 28. Rxa5 Rb1+ 29. Kh2 Rbb2 30. Bf3 Rxf2 31. Rxa7 g5 32. Rc7 Bxc4 33. Kg3 {[#] aiming for e6.} Kg6 34. Be4+ Kg7 35. Bf3 {Hoping for e6.} Be6 36. Rxc5 h5 {[#] And now ...h4+ would win.} 37. h4 Rf1 38. hxg5 Kg6 39. Re4 Kxg5 40. Rh4 Rb3 41. Rxh5+ Kg6 {...Rxf3+! is the strong threat.} 42. Rh4 Rc1 43. c4 Rbc3 44. Rd4 Kg5 45. Rf4 {Precision: White = 70%, Black = 73%.} 1/2-1/2